| 000 | 00888nac a22002777a 4500 | ||
|---|---|---|---|
| 001 | BR8002912 | ||
| 003 | BR-BrBNA | ||
| 005 | 20240105114703.0 | ||
| 008 | 230509b bl.|||m| |||| 00| 0 por d | ||
| 040 |
_aBR-BrBNA _bpor _cBiblioteca Nacional de Agricultura |
||
| 072 | _aE70 | ||
| 090 | _a1300 BR8002912 | ||
| 110 | 1 |
_aCentrais de Abastecimento de Pernambuco S.A., Recife (Brasil) _91370 |
|
| 245 | 1 | _aRelatorio. 1977 [Centrais de Abastecimento de Pernambuco; Hortalica; Fruta; Ovo; Brasil] | |
| 260 | 3 |
_aRecife, PE (Brasil): _c[nd]. |
|
| 300 | _a17 p. | ||
| 490 |
_aRelatorio - Centrais de Abastecimento de Pernambuco S.A. (Brazil) _v _x |
||
| 500 | _a9 tables; Published 1980? | ||
| 650 | _aHortalica | ||
| 650 | _aFruta | ||
| 650 | _aOvo | ||
| 650 | _aAbastecimento | ||
| 650 | _aPernambuco | ||
| 909 |
_a202312 _bLúcia Elande _c55 _dLúcia Elande |
||
| 942 |
_2AGRIS _n0 _cMS |
||
| 999 |
_c270741 _d270741 |
||